00541 2200205 4500001002100000005001500021035002000036007000300056008004100059020002200100082001100122084001700133100002400150245005700174250001000231260003600241300002700277650002200304990000900326INLIS00000000000134420180125090516 a0010-0118000162ta180125 f 0 ind  a978-602-17076-9-2 a297.14 a297.14 ABD y0 aAbdullah Supriyanto1 aYa Allah aku ingin Surgamu /cH. Supriyanto Abdullah acet 1 ajogjakarta :bMitra Buku,c2013 a200hlm ;c140 x 205 mm aSurga.Agama Islam a3239